ბათუმის შოთა რუსთაველის სახელმწიფო უნივერსიტეტის ბიბლიოთეკა

სოციალურ-კულტურულ ღონისძიებათა ხარჯების დაგეგმვა : (ბიბ.ჩანაწერი № 63784)

000 -ლიდერი
ფიქსირებული სიგრძის საკონტროლო ველი 01269nam a22002057a 4500
003 - საკონტროლო ნომრის იდენტიფიკატორი
საკონტროლო ველი Ge_BSU
005 - ბოლო ოპერაციის თარიღი და დრო
საკონტროლო ველი 20260113184913.0
008 - ფიქსირებული სიგრძის მონაცემთა ელემენტები - ზოგადი ინფორმაცია
ფიქსირებული სიგრძის საკონტროლო ველი 260113s1965 ge ||||| |||| 00| 0 geo d
041 ## - ენის კოდი
Language code of text/sound track or separate title geo
080 ## - უნივერსალური ათობითი კლასიფიკაციის ინდექსი
Universal Decimal Classification number 336.77: 791 პ-67
100 ## - მთავარი ჩანაწერი - პიროვნების სახელი
Personal name პოტეხინი, ლ.
9 (RLIN) 26665
245 ## - ცნობა სათაურის შესახებ
Title სოციალურ-კულტურულ ღონისძიებათა ხარჯების დაგეგმვა :
Remainder of title [სახელმძღვ. პრაქტიკული მუშაკებისა და საფინანსო სასწავლებელთა მოსწავლეებისათვის] /
Statement of responsibility, etc ლ. პოტეხინი, ი. როზენფელდი, ნ. იტინი.
264 ## - წარმოების, გამოცემის, დისტრიბუციის და სხვა ცნობები
გამოცემის, წარმოების, დისტრიბუციის... ადგილი თბ. :
გამოცემის, წარმოების, დისტრიბუციის... სახელწოდება საბჭ. საქართველო,
გამოცემის, წარმოების, დისტრიბუციის... თარიღი 1965.
300 ## - ფიზიკური აღწერა
Extent 318 გვ. :
Other physical details ცხრილ. ;
Dimensions 22 სმ.
653 ## - INDEX TERM--UNCONTROLLED
Uncontrolled term სოციალურ ღონისძიებათა დაგეგმვა
653 ## - INDEX TERM--UNCONTROLLED
Uncontrolled term კულტურულ ღონისძიებათა დაგეგმვა.
700 ## - ADDED ENTRY--PERSONAL NAME
Personal name როზენფელდი, ი.
Relator term ავტორი
9 (RLIN) 26666
700 ## - ADDED ENTRY--PERSONAL NAME
Personal name იტინი, ნ.
Relator term ავტორი
9 (RLIN) 26667
942 ## - ADDED ENTRY ELEMENTS (KOHA)
Source of classification or shelving scheme
Koha item type წიგნი
ეგზემპლარები
ჩამოწერის სტატუსი დაკარგული ეგზემპლარის სტატუსი კლასიფიკაციის წყარო ან თაროზე გაწყობის სქემა დაზიანების სტატუსი არ გაიცემა მუდმივი მდებარეობა (დაცვის ადგილი) ამჟამინდელი ადგილსამყოფელი თაროზე განთავსების ადგილი შეძენის თარიღი ღირებულება, შესყიდვის ნორმალური ფასი სრული შენახვის შიფრი შტრიხკოდი ბოლო ოპერაციის თარიღი ეგზემპლარის მიმდევრობითი ნომერი (კეტერი?) ფასის ძალაში შესვლის თარიღი ეგზემპლარის სახეობა საჯარო შენიშვნა
          ბათუმის შოთა რუსთაველის სახელმწიფო უნივერსიტეტის მთავარი ბიბლიოთეკა ბათუმის შოთა რუსთაველის სახელმწიფო უნივერსიტეტის მთავარი ბიბლიოთეკა წიგნსაცავი 2026-01-13 1.76 336.77: 791 პ-67 73443 2026-01-13 73443 2026-01-13 წიგნი 1 ლ. 76 თ.